La lexicografía hispánica ante el siglo XXI (Record no. 69066)
[ view plain ]
| 000 -LEADER | |
|---|---|
| campo de control de longitud fija | 01128nam a2200229 i 4500 |
| 001 - NÚMERO DE CONTROL | |
| campo de control | 69066 |
| 003 - IDENTIFICADOR DE NÚMERO DE CONTROL | |
| campo de control | ES-MaACL |
| 005 - FECHA Y HORA DE LA ÚLTIMA TRANSACCIÓN | |
| campo de control | 20230906170427.0 |
| 007 - CAMPO FIJO DE DESCRIPCIÓN FÍSICA--INFORMACIÓN GENERAL | |
| campo de control de longitud fija | t| |
| 008 - DATOS DE LONGITUD FIJA--INFORMACIÓN GENERAL | |
| campo de control de longitud fija | 040907s2003 sp ||||1| spa d |
| 020 ## - NÚMERO INTERNACIONAL ESTÁNDAR DEL LIBRO | |
| Número Internacional Estándar del Libro | 84-96223-05-1 |
| 080 ## - NÚMERO DE LA CLASIFICACIÓN DECIMAL UNIVERSAL | |
| Número de la Clasificación Decimal Universal | 811.134.2'374(063) |
| 245 03 - MENCIÓN DEL TÍTULO | |
| Título | La lexicografía hispánica ante el siglo XXI |
| Resto del título | : balance y perspectivas : (actas del Encuentro de Lexicógrafos celebrado en Zaragoza, en el marco del Centenario María Moliner, los días 4 y 5 de noviembre de 2002) / |
| Mención de responsabilidad, etc. | edición de Mª Antonia Martín Zorraquino y José Luis Aliaga Jiménez. |
| 260 ## - PUBLICACIÓN, DISTRIBUCIÓN, ETC. | |
| Lugar de publicación, distribución, etc. | Zaragoza : |
| Nombre del editor, distribuidor, etc. | Departamento de Educación, Cultura y Deporte, Institución "Fernando el Católico", |
| Fecha de publicación, distribución, etc. | 2003. |
| 300 ## - DESCRIPCIÓN FÍSICA | |
| Extensión | 282 p. ; |
| Dimensiones | 24 cm. |
| 500 ## - NOTA GENERAL | |
| Nota general | "Incluye los textos leídos en el acto inaugural del Centenario (Paniza, 30 de marzo de 2000) |
| 650 14 - PUNTO DE ACCESO ADICIONAL DE MATERIA--TÉRMINO DE MATERIA | |
| Término de materia o nombre geográfico como elemento de entrada | Lengua española- |
| Subdivisión general | Lexicografía- |
| Subdivisión de forma | Congresos y asambleas. |
| 9 (RLIN) | 14171 |
| 700 1# - ENTRADA AGREGADA--NOMBRE PERSONAL | |
| Nombre de persona | Martín Zorraquino, María Antonia. |
| 9 (RLIN) | 77683 |
| 700 1# - ENTRADA AGREGADA--NOMBRE PERSONAL | |
| Nombre de persona | Aliaga Jiménez, José Luis. |
| 9 (RLIN) | 19923 |
| 710 2# - ENTRADA AGREGADA--NOMBRE DE ENTIDAD CORPORATIVA | |
| Nombre de entidad corporativa o nombre de jurisdicción como elemento de entrada | Institución "Fernando el Católico" |
| 9 (RLIN) | 4721 |
| 852 ## - LOCALIZACIÓN | |
| Ubicación | ES-MaACL |
| Número de control de estantería | L-28169 |
| Sublocalización o colección | R.134004 |
| Estatus retirado | Estado de pérdida | Estado de daño | No para préstamo | Biblioteca de origen | Biblioteca actual | Ubicación en estantería | Fecha de adquisición | Fuente de adquisición | Total de préstamos | Signatura topográfica completa | Código de barras | Visto por última vez | Precio de reemplazo | Tipo de ítem Koha |
|---|---|---|---|---|---|---|---|---|---|---|---|---|---|---|
| Biblioteca del Ateneo de Madrid | Biblioteca del Ateneo de Madrid | Depósito 2 | 17/01/2008 | L-28169 | 1072325 | 23/02/2023 | 23/02/2023 | Libro impreso |
